000 00988nac a22003257a 4500
001 BR7703607
003 BR-BrBNA
005 20240105114108.0
008 230509b bl.|||m| |||| 00| 0 por d
040 _aBR-BrBNA
_bpor
_cBiblioteca Nacional de Agricultura
072 _aP05; E10
090 _aP05 BR7703607
110 1 _aMinisterio das Minas e Energia, Brasilia, DF (Brasil)
_97081
245 1 _aRelatorio das atividades de 1976 [Ministerio das Minas e Energia; Brasil]
260 3 _aBrasilia, DF (Brasil):
_c1977.
300 _a196 p.
490 _aRelatorio - Ministerio das Minas e Energia (Brazil)
_v
_x
500 _a90 tables; 30 graphs
650 _aRecurso energetico
650 _aMacroeconomia
650 _aEnergia eletrica
650 _aMercado
650 _aConsumo
650 _aInvestimento
650 _aImportacao
650 _aExportacao
650 _aRecurso humano
909 _a202312
_bLúcia Elande
_c55
_dLúcia Elande
942 _2AGRIS
_n0
_cMS
999 _c267362
_d267362